000 00573nam a2200205Ia 4500
008
049 _aMAIN
090 _aTK2000
100 1 _aBimbhra, P. S.
245 1 0 _aElectrical machinery :
_btheory, performance and applications /
_cP.S. Bimbhra.
250 _a4th ed.
260 _aDelhi :
_bKhanna,
_c1990.
300 _axv, 1031 p. :
_bill. ;
_c22 cm.
650 0 _aElectric machinery.
907 _a.b10174400
_b15-09-05
_c06-09-05
003
005 20230123134104.0
040 _cNUST
942 _cBOOKS
_kTK2000
999 _c159839
_d159839